[Event "ICS rated blitz match"]
[Site "204.178.125.65"]
[Date "2001.09.15"]
[Round "?"]
[White "libertad"]
[Black "Hossa"]
[Result "1-0"]
[WhiteElo "2099"]
[BlackElo "2613"]
[PlyCount "123"]
[EventDate "2001.??.??"]

1. e4 d5 2. exd5 Qxd5 3. Nf3 Nc6 4. Nc3 Qd6 5. d4 Bf5 6. Bd3 Bxd3 7. Qxd3 O-O-O
8. Be3 e6 9. O-O Qd7 10. Rfd1 Bd6 11. a4 Nf6 12. a5 Kb8 13. a6 b6 14. Nb5 Nb4
15. Qc4 h5 16. Nxd6 Qxd6 17. Ne5 Nfd5 18. Nxf7 Qe7 19. Nxh8 Nxe3 20. fxe3 Rxh8
21. Qe2 g5 22. c3 Nd5 23. Rf1 c5 24. Rf2 Rd8 25. Raf1 cxd4 26. exd4 Nf4 27. Qe4
h4 28. Kh1 Rf8 29. g3 hxg3 30. hxg3 Rh8+ 31. Kg1 Nh3+ 32. Kg2 Nxf2 33. Rxf2 Re8
34. Qe5+ Kc8 35. Qf6 Qh7 36. Qf7 Qe4+ 37. Qf3 Qxf3+ 38. Rxf3 Kd7 39. Rf7+ Re7
40. Rxe7+ Kxe7 41. Kf3 Kf6 42. Kg4 b5 43. b3 Kg6 44. c4 b4 45. c5 Kf6 46. c6
Ke7 47. Kxg5 Kd6 48. Kf6 Kxc6 49. Kxe6 Kb6 50. d5 Kxa6 51. d6 Kb7 52. d7 Kc6
53. d8=Q a6 54. Qc8+ Kb6 55. Kd6 a5 56. Qb8+ Ka6 57. Qa8+ Kb6 58. Qc6+ Ka7 59.
Qd7+ Ka6 60. Kc7 Ka7 61. Kc6+ Kb8 62. Qb7# {Hossa checkmated} 1-0

[Event "ICS rated blitz match"]
[Site "204.178.125.65"]
[Date "2001.09.15"]
[Round "?"]
[White "Hossa"]
[Black "Danimir"]
[Result "1/2-1/2"]
[WhiteElo "2583"]
[BlackElo "2415"]
[PlyCount "135"]
[EventDate "2001.??.??"]

1. e4 c5 2. Nf3 Nc6 3. d4 cxd4 4. Nxd4 g6 5. c4 Bg7 6. Be3 Nf6 7. Nc3 O-O 8.
Be2 b6 9. O-O Bb7 10. Qc2 Qb8 11. Rad1 d6 12. Nd5 Nxd5 13. exd5 Nxd4 14. Bxd4
Bxd4 15. Rxd4 Rc8 16. Rh4 Rc7 17. Qd2 Qf8 18. Re1 Rac8 19. b3 Qg7 20. Rh3 Kf8
21. Bg4 Rd8 22. Qf4 Bc8 23. Bxc8 Rdxc8 24. Qh4 h5 25. Qg5 a6 26. Rhe3 Qf6 27.
Qh6+ Kg8 28. a3 b5 29. cxb5 axb5 30. a4 bxa4 31. bxa4 Ra8 32. Ra3 Ra5 33. Rb3
Ra8 34. Reb1 Qg7 35. Qf4 Qe5 36. Qxe5 dxe5 37. Rb8+ Rxb8 38. Rxb8+ Kg7 39. Kf1
Rc4 40. Rb7 Rxa4 41. Rxe7 Kf6 42. Rd7 Rd4 43. Ke2 Kg7 44. Ke3 Kf8 45. d6 Ke8
46. Re7+ Kf8 47. Rxe5 Rxd6 48. Ke4 Kg7 49. Re8 Rd2 50. Ke3 Ra2 51. Re4 Kf6 52.
Rc4 Ra3+ 53. Kf4 Ra2 54. Rc6+ Kg7 55. Kg3 Ra3+ 56. f3 Ra4 57. h4 Rb4 58. Rd6
Ra4 59. Rb6 Rc4 60. Ra6 Rb4 61. Kh3 Rb3 62. Rd6 Ra3 63. Rb6 Rc3 64. Kg3 Rc4 65.
Ra6 Rb4 66. Kh3 Rb3 67. Rd6 Ra3 68. Rb6 {Game drawn by mutual agreement}
1/2-1/2

[Event "ICS rated blitz match"]
[Site "204.178.125.65"]
[Date "2001.09.15"]
[Round "?"]
[White "Hossa"]
[Black "DonCarlo"]
[Result "1-0"]
[WhiteElo "2585"]
[BlackElo "2200"]
[PlyCount "27"]
[EventDate "2001.??.??"]

1. d4 e6 2. c4 Bb4+ 3. Bd2 Qe7 4. e4 Nf6 5. Bxb4 Qxb4+ 6. Qd2 Nc6 7. Nc3 d6 8.
a3 Qa5 9. d5 Ne5 10. f4 Ng6 11. e5 dxe5 12. b4 Ne4 13. Nxe4 Qa4 14. Nc5 {
DonCarlo resigns} 1-0

[Event "ICS rated blitz match"]
[Site "204.178.125.65"]
[Date "2001.09.15"]
[Round "?"]
[White "mate-in8"]
[Black "Hossa"]
[Result "0-1"]
[WhiteElo "2067"]
[BlackElo "2583"]
[PlyCount "74"]
[EventDate "2001.??.??"]

1. e4 e5 2. Bc4 f5 3. Nc3 Nf6 4. d3 fxe4 5. dxe4 Nc6 6. Nf3 Bb4 7. O-O Bxc3 8.
bxc3 Qe7 9. Bg5 d6 10. Qd3 Be6 11. Bd5 O-O 12. c4 a5 13. Nh4 Qf7 14. Nf5 Bxd5
15. cxd5 Nb4 16. Qf3 Nxe4 17. Ne7+ Qxe7 18. Bxe7 Rxf3 19. gxf3 Nc3 20. Kg2
Ncxd5 21. Bg5 Nxc2 22. Rac1 Nd4 23. Rfd1 c6 24. Be3 Nf5 25. Rd3 b5 26. a3 Ra6
27. Kf1 Kf7 28. Ke2 Nd4+ 29. Bxd4 Nf4+ 30. Kd2 Nxd3 31. Kxd3 exd4 32. Kxd4 b4
33. Rb1 Rb6 34. Kc4 bxa3 35. Ra1 Rb4+ 36. Kc3 Rf4 37. Kd2 Rxf3 {
mate-in8 resigns} 0-1

[Event "ICS rated blitz match"]
[Site "204.178.125.65"]
[Date "2001.09.15"]
[Round "?"]
[White "Hossa"]
[Black "mate-in8"]
[Result "1-0"]
[WhiteElo "2585"]
[BlackElo "2065"]
[PlyCount "73"]
[EventDate "2001.??.??"]

1. d4 Nf6 2. c4 c5 3. d5 b5 4. cxb5 a6 5. e3 Bb7 6. Nc3 Qa5 7. Bd2 Qb6 8. bxa6
Nxa6 9. Bc4 e6 10. Nf3 exd5 11. Be2 Nb4 12. a3 Nc6 13. O-O Be7 14. Na4 Qa7 15.
b3 O-O 16. Bc3 c4 17. Nd4 Ne4 18. Nb5 Qb8 19. Nb6 Nxc3 20. Nxc3 Rxa3 21. Rxa3
Bxa3 22. Nxd7 Qd8 23. Nxf8 d4 24. exd4 Nxd4 25. Nxh7 Nxe2+ 26. Qxe2 Qd3 27.
Qxd3 cxd3 28. Ng5 Bb4 29. Nb5 Ba6 30. Nc7 Bb7 31. Rd1 d2 32. Nb5 f6 33. Ne6 Be4
34. Nbd4 Kf7 35. Nd8+ Ke8 36. N8c6 Bc3 37. Ne2 {mate-in8 resigns} 1-0

[Event "ICS rated blitz match"]
[Site "204.178.125.65"]
[Date "2001.09.15"]
[Round "?"]
[White "Hossa"]
[Black "mate-in8"]
[Result "0-1"]
[WhiteElo "2588"]
[BlackElo "2062"]
[PlyCount "88"]
[EventDate "2001.??.??"]

1. d4 Nf6 2. c4 c5 3. Nf3 cxd4 4. Nxd4 e5 5. Nb5 d5 6. cxd5 Bc5 7. d6 O-O 8.
Nc7 Nc6 9. Nxa8 Ne4 10. e3 Qh4 11. g3 Qf6 12. f3 Ng5 13. f4 exf4 14. gxf4 Nh3
15. Qh5 Bb4+ 16. Ke2 Nxf4+ 17. exf4 Re8+ 18. Kf2 g6 19. Qf3 Nd4 20. Qd3 Qh4+
21. Kg2 Bd7 22. Kg1 Bc5 23. Be3 Qg4+ 24. Bg2 Bc6 25. Kf2 Qxg2+ 26. Ke1 Qxh1+
27. Kd2 Qxh2+ 28. Bf2 Qxf2+ 29. Kc3 Re3 30. Kc4 Rxd3 31. Nc3 Rxc3+ 32. bxc3 b6
33. Nxb6 axb6 34. Re1 Qxa2+ 35. Kd3 Qc2+ 36. Kc4 Qa4+ 37. Kd3 Bb5+ 38. Ke4 Ne6+
39. c4 Qxc4+ 40. Kf3 Qxf4+ 41. Kg2 Qg4+ 42. Kh2 Bxd6+ 43. Kh1 Bc6+ 44. Re4
Bxe4# {Hossa checkmated} 0-1

[Event "ICS rated blitz match"]
[Site "204.178.125.65"]
[Date "2001.09.15"]
[Round "?"]
[White "mate-in8"]
[Black "Hossa"]
[Result "0-1"]
[WhiteElo "2093"]
[BlackElo "2557"]
[PlyCount "56"]
[EventDate "2001.??.??"]

1. e4 e5 2. Bc4 f5 3. Nc3 Nf6 4. d3 fxe4 5. dxe4 Nc6 6. Nge2 Na5 7. Bd3 Be7 8.
O-O O-O 9. f4 Bc5+ 10. Kh1 Ng4 11. Qe1 Nc6 12. Nd5 a6 13. f5 Kh8 14. Qg3 Nf6
15. Bg5 d6 16. Qh4 Nb4 17. Ng3 Nbxd5 18. exd5 Bd7 19. Ne4 Bd4 20. Rf3 Qe7 21.
Raf1 Bxb2 22. Rh3 Bd4 23. Rff3 Rae8 24. Rfg3 Rf7 25. Bc1 Bxf5 26. Ng5 e4 27.
Nxf7+ Qxf7 28. Bg5 exd3 {mate-in8 resigns} 0-1

[Event "ICS rated blitz match"]
[Site "204.178.125.65"]
[Date "2001.09.15"]
[Round "?"]
[White "Hossa"]
[Black "mate-in8"]
[Result "1-0"]
[WhiteElo "2559"]
[BlackElo "2091"]
[PlyCount "91"]
[EventDate "2001.??.??"]

1. e4 e5 2. Nf3 Nc6 3. Bc4 Nf6 4. Ng5 d5 5. exd5 Nxd5 6. Qh5 g6 7. Qd1 Bg7 8.
Qf3 Qxg5 9. Bxd5 O-O 10. Bxc6 bxc6 11. Nc3 Bf5 12. d3 Qh4 13. Qxc6 e4 14. Nxe4
Bxe4 15. dxe4 Rae8 16. O-O Qxe4 17. Qxc7 Rc8 18. Qxa7 Rxc2 19. Qe3 Qd5 20. Qe7
Bd4 21. Bh6 Rfc8 22. Rae1 Bg7 23. Bxg7 Kxg7 24. a4 Rxb2 25. Re2 Rcc2 26. Rxc2
Rxc2 27. Qb4 Ra2 28. Re1 Qd2 29. Qxd2 Rxd2 30. Ra1 Rd6 31. a5 Ra6 32. f4 Kf6
33. Kf2 h5 34. Ke3 Kf5 35. h3 h4 36. Ra4 f6 37. Kd3 g5 38. fxg5 fxg5 39. Kc4 g4
40. hxg4+ Kg5 41. Kb5 Ra8 42. a6 Rb8+ 43. Kc6 Rc8+ 44. Kd7 Rh8 45. a7 Ra8 46.
Kc6 {mate-in8 resigns} 1-0

[Event "ICS rated blitz match"]
[Site "204.178.125.65"]
[Date "2001.09.15"]
[Round "?"]
[White "mate-in8"]
[Black "Hossa"]
[Result "0-1"]
[WhiteElo "2089"]
[BlackElo "2561"]
[PlyCount "56"]
[EventDate "2001.??.??"]

1. e4 c5 2. Ne2 Nf6 3. Nbc3 d6 4. g3 Nc6 5. Bg2 g6 6. O-O Bg7 7. d3 O-O 8. h3
Bd7 9. g4 h5 10. g5 Ne8 11. f4 Nd4 12. Ng3 Nc7 13. f5 Be5 14. Bf4 Bxf4 15. Rxf4
e5 16. fxg6 fxg6 17. Rxf8+ Qxf8 18. Nxh5 gxh5 19. Qxh5 Qg7 20. Rf1 Nxc2 21. Rf6
Be8 22. Qg4 Rd8 23. h4 Nd4 24. h5 Nce6 25. Rxe6 Bd7 26. h6 Bxe6 27. Qxe6+ Nxe6
28. hxg7 Nxg5 {mate-in8 resigns} 0-1

[Event "ICS rated blitz match"]
[Site "204.178.125.65"]
[Date "2001.09.15"]
[Round "?"]
[White "Hossa"]
[Black "mate-in8"]
[Result "1-0"]
[WhiteElo "2563"]
[BlackElo "2087"]
[PlyCount "37"]
[EventDate "2001.??.??"]

1. e4 c5 2. Nf3 Nf6 3. e5 Nd5 4. Be2 Nc6 5. Nc3 Nxc3 6. dxc3 d5 7. exd6 Qxd6 8.
O-O e6 9. Qxd6 Bxd6 10. Rd1 Be7 11. Bf4 Bd7 12. Rd2 h6 13. Bc7 Rc8 14. Bg3 Rd8
15. Rad1 Bc8 16. Rxd8+ Bxd8 17. Ne5 Nxe5 18. Bxe5 O-O 19. Bd6 {mate-in8 resigns
} 1-0

[Event "ICS rated blitz match"]
[Site "204.178.125.65"]
[Date "2001.09.15"]
[Round "?"]
[White "mate-in8"]
[Black "Hossa"]
[Result "0-1"]
[WhiteElo "2085"]
[BlackElo "2565"]
[PlyCount "48"]
[EventDate "2001.??.??"]

1. e4 c5 2. Ne2 Nc6 3. Nbc3 e6 4. g3 d5 5. exd5 exd5 6. d3 d4 7. Ne4 f5 8. Nd2
Qd5 9. f3 Qf7 10. Bg2 Be7 11. Nc4 Be6 12. b3 O-O-O 13. Nf4 Bd7 14. Qe2 Re8 15.
O-O g5 16. Ne5 Nxe5 17. Qxe5 Nf6 18. Nh3 Bf8 19. Nxg5 Qg6 20. Qf4 Nd5 21. Qh4
h6 22. Nh3 Be7 23. Nf4 Nxf4 24. Qxf4 Bg5 {mate-in8 resigns} 0-1

[Event "ICS rated blitz match"]
[Site "204.178.125.65"]
[Date "2001.09.15"]
[Round "?"]
[White "Hossa"]
[Black "mate-in8"]
[Result "1-0"]
[WhiteElo "2567"]
[BlackElo "2083"]
[PlyCount "45"]
[EventDate "2001.??.??"]

1. e4 c5 2. Nf3 Nf6 3. e5 Nd5 4. Be2 Nc6 5. Nc3 Nxc3 6. dxc3 e6 7. Bf4 Qb6 8.
Rb1 Qc7 9. Qd2 h6 10. Bg3 g5 11. Qe3 d5 12. exd6 Bxd6 13. Bxd6 Qxd6 14. Rd1 Qe7
15. Nd2 Bd7 16. Ne4 b6 17. Nd6+ Kf8 18. O-O Kg7 19. Bb5 Kh7 20. Qe4+ f5 21.
Nxf5 exf5 22. Qxe7+ Nxe7 23. Rxd7 {mate-in8 resigns} 1-0

[Event "ICS rated blitz match"]
[Site "204.178.125.65"]
[Date "2001.09.15"]
[Round "?"]
[White "mate-in8"]
[Black "Hossa"]
[Result "1/2-1/2"]
[WhiteElo "2081"]
[BlackElo "2569"]
[PlyCount "80"]
[EventDate "2001.??.??"]

1. e4 e5 2. Bc4 f5 3. Nc3 Nf6 4. d3 fxe4 5. dxe4 Nc6 6. Nge2 Na5 7. Bd3 Be7 8.
O-O O-O 9. f4 Bc5+ 10. Kh1 Ng4 11. Qe1 Nc6 12. Nd5 a6 13. f5 Kh8 14. Qg3 Nf6
15. Bg5 d6 16. Qh4 Nb4 17. Rf3 Nbxd5 18. exd5 Rf7 19. Ng3 Qf8 20. Raf1 Bd4 21.
c3 Bb6 22. c4 Bd4 23. b3 Bd7 24. Ne4 b5 25. Rh3 Qe7 26. Bc1 Rff8 27. Ng5 h6 28.
Ne4 bxc4 29. bxc4 Ng8 30. f6 Rxf6 31. Nxf6 Bxh3 32. Qxh3 Nxf6 33. Bxh6 gxh6 34.
Qxh6+ Nh7 35. Bxh7 Qxh7 36. Rf8+ Rxf8 37. Qxf8+ Qg8 38. Qh6+ Qh7 39. Qf8+ Qg8
40. Qh6+ Qh7 {Game drawn by mutual agreement} 1/2-1/2

[Event "ICS rated blitz match"]
[Site "204.178.125.65"]
[Date "2001.09.15"]
[Round "?"]
[White "Hossa"]
[Black "mate-in8"]
[Result "1-0"]
[WhiteElo "2555"]
[BlackElo "2095"]
[PlyCount "83"]
[EventDate "2001.??.??"]

1. e4 c5 2. Nf3 Nf6 3. e5 Nd5 4. Be2 Nc6 5. Nc3 Nxc3 6. dxc3 Qc7 7. Bf4 f6 8.
Bc4 e6 9. O-O fxe5 10. Nxe5 Nxe5 11. Qh5+ g6 12. Qxe5 Qxe5 13. Bxe5 Rg8 14.
Rfe1 a6 15. Rad1 b5 16. Bd3 Bb7 17. c4 b4 18. Be4 Bxe4 19. Rxe4 Bg7 20. Bxg7
Rxg7 21. Re5 Rc8 22. Rdd5 Ke7 23. Rxc5 Rgg8 24. Rxc8 Rxc8 25. c5 Kf6 26. f4 h6
27. Kf2 d6 28. cxd6 Rxc2+ 29. Re2 Rc8 30. Kf3 Rd8 31. Rd2 e5 32. d7 exf4 33.
Rd4 g5 34. Rxb4 Rxd7 35. Rb6+ Kf5 36. Rxa6 Rd3+ 37. Ke2 Rd5 38. Rxh6 Ra5 39. a3
Rb5 40. b4 Ke4 41. Rc6 g4 42. Rc4+ {mate-in8 resigns} 1-0

[Event "ICS rated blitz match"]
[Site "204.178.125.65"]
[Date "2001.09.15"]
[Round "?"]
[White "mate-in8"]
[Black "Hossa"]
[Result "1-0"]
[WhiteElo "2093"]
[BlackElo "2557"]
[PlyCount "49"]
[EventDate "2001.??.??"]

1. e4 c5 2. Ne2 Nf6 3. Nbc3 d6 4. g3 Nc6 5. Bg2 g6 6. O-O Bg7 7. d3 O-O 8. h3
Bd7 9. f4 Qc8 10. g4 h5 11. g5 Ne8 12. Kh2 Nb4 13. Be3 Nc7 14. f5 gxf5 15. Nf4
Bd4 16. Bxd4 cxd4 17. Qxh5 dxc3 18. g6 fxg6 19. Qxg6+ Kh8 20. Qh6+ Kg8 21. Bf3
fxe4 22. Rg1+ Bg4 23. Bxg4 Qf5 24. Bxf5+ Kf7 25. Qg6# {Hossa checkmated} 1-0

[Event "ICS rated blitz match"]
[Site "204.178.125.65"]
[Date "2001.09.15"]
[Round "?"]
[White "Hossa"]
[Black "mate-in8"]
[Result "1-0"]
[WhiteElo "2527"]
[BlackElo "2123"]
[PlyCount "21"]
[EventDate "2001.??.??"]

1. e4 c5 2. Nf3 Nf6 3. e5 Nd5 4. Be2 Nc6 5. Nc3 Nxc3 6. dxc3 d6 7. Bf4 dxe5 8.
Qxd8+ Nxd8 9. Nxe5 a6 10. Nc4 Bf5 11. Nb6 {mate-in8 resigns} 1-0

[Event "ICS rated blitz match"]
[Site "204.178.125.65"]
[Date "2001.09.15"]
[Round "?"]
[White "Kasha"]
[Black "Hossa"]
[Result "0-1"]
[WhiteElo "2189"]
[BlackElo "2534"]
[PlyCount "42"]
[EventDate "2001.??.??"]

1. d4 Nf6 2. c3 g6 3. Bg5 Bg7 4. e3 Ne4 5. Bf4 d5 6. Nf3 O-O 7. Be2 c5 8. O-O
cxd4 9. cxd4 Bf5 10. Nc3 Nxc3 11. bxc3 Nd7 12. c4 Nb6 13. cxd5 Nxd5 14. Bg3 Nc3
15. Qd2 Rc8 16. Bd3 Bxd3 17. Qxd3 Qd5 18. Rfc1 Qc4 19. Qxc4 Rxc4 20. Nd2 Ne2+
21. Kf1 Rxc1+ {Kasha resigns} 0-1

[Event "ICS rated blitz match"]
[Site "204.178.125.65"]
[Date "2001.09.16"]
[Round "?"]
[White "Hossa"]
[Black "winner3"]
[Result "0-1"]
[WhiteElo "2538"]
[BlackElo "2790"]
[PlyCount "138"]
[EventDate "2001.??.??"]

1. e4 c5 2. Nf3 e6 3. d3 Nc6 4. g3 d5 5. Qe2 Nge7 6. Bg2 g6 7. O-O Bg7 8. e5 h6
9. h4 O-O 10. Nc3 Nf5 11. Nb5 a6 12. Na3 Qc7 13. Bf4 Ncd4 14. Nxd4 cxd4 15. Bh3
Bd7 16. Bxf5 gxf5 17. Rfe1 Kh7 18. Bd2 Rg8 19. Rac1 Qb6 20. Rb1 Bf8 21. c4 dxc3
22. bxc3 Qc7 23. Nc2 Rg4 24. Rb2 Bc5 25. Be3 b5 26. Bxc5 Qxc5 27. Ne3 Rg7 28.
Rc1 d4 29. Nd1 Bc6 30. Kf1 f4 31. gxf4 Rag8 32. Ke1 Rg1+ 33. Kd2 dxc3+ 34. Rxc3
Rxd1+ 35. Qxd1 Qxf2+ 36. Kc1 Qe3+ 37. Kb1 Rg1 38. Qxg1 Qxg1+ 39. Rc1 Qb6 40.
Rbc2 Bd5 41. Rc7 Kg6 42. R7c5 Qa5 43. R5c2 Qb4+ 44. Rb2 Qxf4 45. Re2 Kh5 46.
Rg1 Qb4+ 47. Rb2 Qd4 48. Re1 Qxd3+ 49. Ka1 Kxh4 50. Rc1 Qf5 51. Rh2+ Kg3 52.
Re2 Be4 53. Rg1+ Kh3 54. Rb2 Qxe5 55. Rc1 f5 56. Rd1 Qc3 57. Rf1 e5 58. Rd1 h5
59. Rg1 Qd4 60. Rf1 h4 61. a3 Kg3 62. Ka2 Bd5+ 63. Ka1 h3 64. Rxf5 Qd1+ 65. Rb1
Qc2 66. Rg5+ Kf4 67. Rb3 Qxb3 68. Rf5+ Kxf5 69. a4 Qa2# {Hossa checkmated} 0-1

[Event "ICS rated blitz match"]
[Site "204.178.125.65"]
[Date "2001.09.16"]
[Round "?"]
[White "winner3"]
[Black "Hossa"]
[Result "1-0"]
[WhiteElo "2796"]
[BlackElo "2532"]
[PlyCount "79"]
[EventDate "2001.??.??"]

1. e4 e5 2. Nf3 Nc6 3. Bb5 a6 4. Ba4 Nf6 5. O-O Nxe4 6. d4 b5 7. Bb3 d5 8. dxe5
Be6 9. Nbd2 Nc5 10. c3 Bg4 11. Bc2 d4 12. Nb3 d3 13. Bb1 Qd5 14. Nxc5 Bxc5 15.
Qxd3 Qxd3 16. Bxd3 O-O-O 17. Be4 Bxf3 18. gxf3 Nxe5 19. b4 Be7 20. a4 Kd7 21.
axb5 axb5 22. Ra6 Bf6 23. Be3 Ke8 24. Bc5 Be7 25. Re1 Bxc5 26. bxc5 Kf8 27. Ra7
Re8 28. Kf1 Nc4 29. Re2 Rc8 30. Bc6 f6 31. f4 Rb8 32. Rxc7 h6 33. Ree7 Rh7 34.
Bd5 Nd2+ 35. Kg2 Rh8 36. Rf7+ Kg8 37. Rxg7+ Kf8 38. Bc6 Rb7 39. Rxb7 Rg8 40.
Rbf7# {Hossa checkmated} 1-0

[Event "ICS rated blitz match"]
[Site "204.178.125.65"]
[Date "2001.09.16"]
[Round "?"]
[White "Hossa"]
[Black "winner3"]
[Result "0-1"]
[WhiteElo "2526"]
[BlackElo "2802"]
[PlyCount "176"]
[EventDate "2001.??.??"]

1. d4 Nf6 2. c4 g6 3. Nc3 Bg7 4. e4 O-O 5. Be2 d6 6. Nf3 e5 7. O-O Nbd7 8. dxe5
dxe5 9. Qc2 c6 10. Rd1 Re8 11. Bg5 h6 12. Be3 Qe7 13. Nd2 Nc5 14. Nb3 Na6 15.
f3 Be6 16. Qc1 g5 17. Rd2 Nh5 18. g3 Nf6 19. Qf1 Bh8 20. Rad1 b6 21. Nd5 Qf8
22. Bd3 Red8 23. Bf2 Rd7 24. Bc2 Rdd8 25. Nc3 Rxd2 26. Nxd2 Qb4 27. Bb3 Nc5 28.
a3 Qa5 29. Bc2 Qa6 30. Bxc5 bxc5 31. Na4 Nd7 32. Qf2 Rd8 33. Nxc5 Nxc5 34. Qxc5
Bf6 35. b3 Qb6 36. Qxb6 axb6 37. Nf1 Rxd1 38. Bxd1 Be7 39. a4 Bc5+ 40. Kg2 h5
41. h4 gxh4 42. gxh4 Kh7 43. Ng3 Kh6 44. f4 exf4 45. Nxh5 Bd6 46. Nf6 Kg6 47.
Ne8 Be5 48. c5 bxc5 49. a5 c4 50. a6 Bb8 51. h5+ Kg5 52. bxc4 Bxc4 53. Nd6 Bxa6
54. Nxf7+ Kf6 55. Nh8 c5 56. Ng6 c4 57. Kf2 Kg5 58. Ne7 c3 59. Nd5 Be5 60. Nb4
Bc4 61. Kg2 Bf7 62. Nd3 Bd4 63. Kh3 Be3 64. e5 Bd2 65. Kg2 Bxh5 66. Bc2 Kf5 67.
Kh3 Be3 68. Kg2 Bd4 69. e6 f3+ 70. Kg3 Kf6 71. Bb1 Be3 72. Bc2 Kxe6 73. Bd1 Bg5
74. Nf2 Kf5 75. Bxf3 Bxf3 76. Kxf3 c2 77. Nd3 Bh6 78. Kg3 Ke4 79. Nc5+ Kd4 80.
Nb3+ Kc4 81. Na5+ Kc3 82. Nc6 c1=Q 83. Kg2 Qg5+ 84. Kh3 Qf5+ 85. Kh2 Qg4 86.
Na7 Bf4+ 87. Kh1 Qh3+ 88. Kg1 Be3# {Hossa checkmated} 0-1

[Event "ICS rated blitz match"]
[Site "204.178.125.65"]
[Date "2001.09.16"]
[Round "?"]
[White "JCSuperstar"]
[Black "Hossa"]
[Result "1/2-1/2"]
[WhiteElo "2379"]
[BlackElo "2521"]
[PlyCount "151"]
[EventDate "2001.??.??"]

1. e4 c5 2. Nf3 e6 3. d4 cxd4 4. Nxd4 a6 5. Nc3 b5 6. Be2 Bb4 7. O-O Ne7 8. a4
Bxc3 9. bxc3 bxa4 10. Rxa4 Bb7 11. Bf4 d6 12. Qb1 Bxe4 13. Nxe6 fxe6 14. Rxe4
O-O 15. Bg5 e5 16. Qb3+ Kh8 17. Rd1 Qc7 18. Bxe7 Qxe7 19. Qd5 Ra7 20. Qxd6 Qxd6
21. Rxd6 Rc7 22. Rxe5 Rxc3 23. Rf5 Re8 24. Re6 Rg8 25. Bxa6 Rxc2 26. Bf1 Nc6
27. Rf4 Nd8 28. Re1 Nb7 29. Rd1 Rb2 30. Rc4 Nd8 31. f4 h6 32. Rc8 Nb7 33. Rc7
Rb6 34. Rdd7 Nd6 35. Bd3 Ne8 36. Rc8 Rd6 37. Rxd6 Nxd6 38. Rxg8+ Kxg8 39. Kf2
Kf7 40. g4 Ke6 41. h4 Kd5 42. Ke3 Kc5 43. g5 hxg5 44. hxg5 Kd5 45. Bc2 Ke6 46.
Bb3+ Kf5 47. Bd5 Nc8 48. Bg2 Kg4 49. Bc6 Nd6 50. Bd7+ Kg3 51. g6 Nc4+ 52. Ke4
Nd2+ 53. Kd3 Nb3 54. Ke3 Kh4 55. Be6 Nc5 56. Bc8 Nb3 57. f5 Kg5 58. Ke4 Kf6 59.
Kf4 Nc5 60. Ke3 Ke5 61. Kf3 Ne4 62. Kg4 Nc5 63. Kh3 Ne4 64. Bd7 Kf4 65. Kh4 Ke5
66. Be6 Kf4 67. Bc8 Ke5 68. Bd7 Nf6 69. Be6 Kf4 70. Kh3 Ne4 71. Kg2 Ke5 72. Kf3
Nd6 73. Kg4 Ne4 74. Bc8 Nc5 75. Kg5 Ne4+ 76. Kg4 {Game drawn by repetition}
1/2-1/2

[Event "ICS rated blitz match"]
[Site "204.178.125.65"]
[Date "2001.09.16"]
[Round "?"]
[White "Hossa"]
[Black "JCSuperstar"]
[Result "1/2-1/2"]
[WhiteElo "2515"]
[BlackElo "2385"]
[PlyCount "140"]
[EventDate "2001.??.??"]

1. d4 d5 2. Nf3 Nf6 3. c4 dxc4 4. Nc3 a6 5. e4 c5 6. Bxc4 cxd4 7. Qxd4 Qxd4 8.
Nxd4 e5 9. Nf3 Nc6 10. Ng5 Bb4 11. Bxf7+ Ke7 12. Bd5 Nxd5 13. exd5 Nd4 14. Kf1
Bf5 15. Nge4 h6 16. Be3 Rhc8 17. Rd1 Nb5 18. Nxb5 axb5 19. Ng3 Bc2 20. Ra1 Bb3
21. a3 Bxd5 22. Rd1 Bb3 23. Rc1 Rxc1+ 24. Bxc1 Bc4+ 25. Kg1 Bd3 26. h4 Bc5 27.
Be3 Bxe3 28. fxe3 b4 29. axb4 Ra4 30. Kf2 Rxb4 31. Rc1 Rxb2+ 32. Kf3 Rc2 33.
Ra1 g5 34. hxg5 hxg5 35. e4 g4+ 36. Kxg4 Rxg2 37. Kf3 Rb2 38. Rc1 Rb3 39. Kg4
b5 40. Kf5 Bc4 41. Rg1 Kd6 42. Kf6 b4 43. Nf5+ Kc5 44. Rg7 Bb5 45. Rc7+ Kb6 46.
Rc8 Rh3 47. Rb8+ Kc5 48. Rc8+ Bc6 49. Ne7 Rh6+ 50. Kxe5 b3 51. Nd5 b2 52. Rb8
Rh5+ 53. Kf4 Bb5 54. Nc3 Kb4 55. Rc8 Bd3 56. e5 Rf5+ 57. Ke3 Bc4 58. Nb1 Rxe5+
59. Kd2 Re2+ 60. Kd1 Rg2 61. Rb8+ Kc5 62. Ke1 Bd3 63. Nd2 Bb5 64. Nb1 Rh2 65.
Nc3 Kb4 66. Nb1 Re2+ 67. Kd1 Rg2 68. Ke1 Re2+ 69. Kd1 Rg2 70. Ke1 Re2+ {
Game drawn by repetition} 1/2-1/2

[Event "ICS rated blitz match"]
[Site "204.178.125.65"]
[Date "2001.09.16"]
[Round "?"]
[White "JCSuperstar"]
[Black "Hossa"]
[Result "0-1"]
[WhiteElo "2391"]
[BlackElo "2509"]
[PlyCount "50"]
[EventDate "2001.??.??"]

1. c4 Nf6 2. Nc3 e5 3. e3 Bb4 4. Nge2 O-O 5. a3 Be7 6. b4 a5 7. b5 d6 8. Bb2
Bg4 9. h3 Bh5 10. g4 Bg6 11. Bg2 Nbd7 12. d3 Nc5 13. Nc1 Qd7 14. O-O Qe6 15. g5
Ne8 16. h4 Bd8 17. Re1 Qc8 18. a4 f6 19. d4 Nd7 20. h5 Bf7 21. Qe2 fxg5 22. Nb3
Nef6 23. h6 gxh6 24. Nd2 Bh5 25. Qf1 Rf7 {JCSuperstar resigns} 0-1

[Event "ICS rated blitz match"]
[Site "204.178.125.65"]
[Date "2001.09.16"]
[Round "?"]
[White "LinuxKnight"]
[Black "Hossa"]
[Result "1/2-1/2"]
[WhiteElo "2767"]
[BlackElo "2520"]
[PlyCount "82"]
[EventDate "2001.??.??"]

1. e4 c5 2. Nf3 e6 3. d4 cxd4 4. Nxd4 a6 5. Bd3 Nc6 6. Nxc6 bxc6 7. O-O d6 8.
Nc3 Nf6 9. f4 Be7 10. Kh1 Bb7 11. e5 Nd5 12. Ne4 c5 13. exd6 Bxd6 14. f5 Nf6
15. Nxf6+ gxf6 16. fxe6 fxe6 17. Qh5+ Kd7 18. Qf7+ Qe7 19. Qxf6 Rhg8 20. Qxe7+
Kxe7 21. Rf2 Raf8 22. Rxf8 Rxg2 23. Bxa6 Bd5 24. Bc4 Rxh2+ 25. Kg1 Kxf8 26.
Bxd5 exd5 27. c3 d4 28. a4 d3 29. a5 d2 30. Bxd2 Rxd2 31. a6 Bh2+ 32. Kh1 Bb8
33. a7 Bxa7 34. Rxa7 Kg8 35. b4 Rd1+ 36. Kg2 Rd2+ 37. Kf3 Rd3+ 38. Kg4 Rxc3 39.
Ra8+ Kf7 40. Ra7+ Kg8 41. Ra8+ Kf7 {Game drawn by mutual agreement} 1/2-1/2

[Event "ICS rated blitz match"]
[Site "204.178.125.65"]
[Date "2001.09.16"]
[Round "?"]
[White "Hossa"]
[Black "LinuxKnight"]
[Result "0-1"]
[WhiteElo "2530"]
[BlackElo "2757"]
[PlyCount "83"]
[EventDate "2001.??.??"]

1. d4 Nf6 2. c4 g6 3. Nc3 Bg7 4. e4 d6 5. Nge2 O-O 6. f3 c5 7. d5 e6 8. Ng3
exd5 9. cxd5 a6 10. Bd2 b5 11. Bd3 c4 12. Bc2 Nfd7 13. O-O b4 14. Na4 Nb6 15.
Rb1 c3 16. bxc3 Nxa4 17. Bxa4 bxc3 18. Bf4 Qc7 19. Be3 Bd7 20. Bb6 Qc8 21. Rf2
Bxa4 22. Qxa4 h5 23. Qb4 Nd7 24. a4 a5 25. Qxd6 Rb8 26. Rb5 Nxb6 27. Ne2 c2 28.
Rc5 Nc4 29. Qxb8 Qxb8 30. Rxc4 Qb1+ 31. Rf1 Qb3 32. Rc6 Qe3+ 33. Rf2 Bd4 34.
Nxd4 c1=Q+ 35. Rxc1 Qxc1+ 36. Rf1 Qe3+ 37. Kh1 Qxd4 38. h3 Qxa4 39. Re1 Rc8 40.
d6 Qd4 41. Rg1 Qe3 42. d7 {Hossa resigns} 0-1

[Event "ICS rated blitz match"]
[Site "204.178.125.65"]
[Date "2001.09.16"]
[Round "?"]
[White "Hossa"]
[Black "JCSuperstar"]
[Result "0-1"]
[WhiteElo "2523"]
[BlackElo "2478"]
[PlyCount "118"]
[EventDate "2001.??.??"]

1. d4 Nf6 2. c4 g6 3. Nc3 d5 4. Nf3 Bg7 5. cxd5 Nxd5 6. e4 Nxc3 7. bxc3 c5 8.
Rb1 O-O 9. Be2 Nc6 10. d5 Ne5 11. Nxe5 Bxe5 12. Qd2 e6 13. f4 Bg7 14. d6 b6 15.
O-O Bd7 16. e5 f6 17. Qe3 fxe5 18. fxe5 Rxf1+ 19. Bxf1 Qh4 20. g3 Qh5 21. Qe4
Rf8 22. Bf4 g5 23. Bd2 Qf7 24. Bd3 Qf2+ 25. Kh1 Qf3+ 26. Qxf3 Rxf3 27. Be4 Rf2
28. Rd1 c4 29. Kg1 Re2 30. Bf3 Rxe5 31. Kf2 Ra5 32. Be2 b5 33. Ra1 Ra6 34. Rc1
h6 35. Be3 Rxa2 36. h4 g4 37. Bc5 h5 38. Be3 Kf7 39. Bg5 Ra3 40. Bd2 a5 41. Be1
Be5 42. Ke3 Bxd6 43. Rd1 Bc5+ 44. Kf4 Ke7 45. Kg5 Be8 46. Kh6 Ra2 47. Bf1 Be3+
48. Kg7 Bc6 49. Rb1 a4 50. Kh8 Kf7 51. Rb4 Rd2 52. Bxd2 Bxd2 53. Bg2 Bxg2 54.
Rxb5 Be4 55. Re5 Bd3 56. Re4 Bxc3+ 57. Kh7 Bxe4+ 58. Kh6 Bg6 59. Kg5 Bd2# {
Hossa checkmated} 0-1